[Event "Nakhchivan op"]
[Site "Nakhchivan"]
[Date "2013.05.01"]
[Round "9"]
[White "Abdulla, Kassem Mohd"]
[Black "Morchiashvili, Bachana"]
[Result "0-1"]
[WhiteElo "2226"]
[BlackElo "2377"]
[PlyCount "76"]
[EventDate "2013.04.22"]
[EventType "swiss"]
[EventRounds "9"]
[EventCountry "AZE"]
[SourceTitle "CBM 154 Extra"]
[Source "ChessBase"]
[SourceDate "2013.06.25"]
[SourceVersion "2"]
[SourceVersionDate "2013.06.25"]
[SourceQuality "1"]

1. e4 c5 2. Nf3 Nc6 3. d4 cxd4 4. Nxd4 g6 5. c4 Bg7 6. Be3 Nf6 7. Nc3 0-0 8. Be2 d6 9. 0-0 Bd7 10. Qd2 Nxd4 11. Bxd4 Bc6 12. f3 Nd7 13. Be3 a5 14. b3 Nc5 15. Rab1 e6 16. a3 a4 17. b4 Nb3 18. Qd3 Qf6 19. Na2 d5 20. cxd5 exd5 21. b5 Bd7 22. Qxd5 Be6 23. Qd1 Rfd8 24. Qe1 Nd2 25. Bxd2 Bxa2 26. Ba5 b6 27. Bb4 Bxb1 28. Qxb1 Bf8 29. Bxf8 Qd4+ 30. Kh1 Kxf8 31. Rc1 Qe3 32. Qa1 Rd4 33. Bf1 Rad8 34. h3 Kg8 35. Bc4 Qxc1+ 36. Qxc1 Rd1+ 37. Qxd1 Rxd1+ 38. Kh2 Ra1 0-1

[Event "Nakhchivan op"]
[Site "Nakhchivan"]
[Date "2013.04.28"]
[Round "6"]
[White "Mammadov, Zaur Fazahir Oglu"]
[Black "Abdulla, Kassem Mohd"]
[Result "1-0"]
[WhiteElo "2446"]
[BlackElo "2226"]
[PlyCount "133"]
[EventDate "2013.04.22"]
[EventType "swiss"]
[EventRounds "9"]
[EventCountry "AZE"]
[SourceTitle "CBM 154 Extra"]
[Source "ChessBase"]
[SourceDate "2013.06.25"]
[SourceVersion "2"]
[SourceVersionDate "2013.06.25"]
[SourceQuality "1"]

1. e4 c5 2. c3 d5 3. exd5 Qxd5 4. d4 e6 5. Nf3 Nf6 6. Bd3 Be7 7. 0-0 0-0 8. Bg5 cxd4 9. cxd4 Nc6 10. Nc3 Qd8 11. Re1 b6 12. Ne5 Bb7 13. Ba6 Qc8 14. Qf3 Nd8 15. Bxb7 Qxb7 16. Qxb7 Nxb7 17. Nc6 Bd8 18. Rac1 h6 19. Bf4 Nh5 20. Be3 Nf6 21. h3 a6 22. Bf4 b5 23. Red1 Rc8 24. d5 exd5 25. Nxd5 Nxd5 26. Rxd5 Na5 27. Nb4 Rc4 28. Rxc4 Nxc4 29. Nxa6 Nxb2 30. Rxb5 Bf6 31. Nc5 Ra8 32. Ne4 Bd4 33. Rb8+ Rxb8 34. Bxb8 Kf8 35. Kf1 Ke7 36. Ke2 Ke6 37. f3 Kd5 38. Bf4 g5 39. Bc1 Na4 40. g4 Be5 41. Ba3 Bg7 42. Kd3 Ke5 43. Ng3 Bh8 44. Nh5 Kd5 45. Bf8 Nc3 46. a3 Nb5 47. f4 gxf4 48. Nxf4+ Ke5 49. Nh5 f5 50. a4 Nc7 51. Bxh6 fxg4 52. hxg4 Kd5 53. Nf4+ Kc5 54. Bf8+ Kb6 55. Be7 Ne8 56. Bd8+ Kc5 57. g5 Kb4 58. a5 Kb5 59. Bb6 Nd6 60. Bc7 Ne8 61. Bd8 Nd6 62. g6 Bg7 63. Ne6 Bh6 64. Kd4 Ne8 65. Nc7+ Nxc7 66. Bxc7 Kc6 67. Bf4 1-0